Estatísticas para Países da Oceania por ordem alfabética

Clique aqui para jogar o quiz

Estatísticas Gerais

  • Esse quiz foi jogado 45 vezes
  • A pontuação média é 12 de 14

Estatísticas das Respostas

Resposta% Correto
Austrália
100%
Estados Federados da Micronésia
90%
Fiji
88%
Ilhas Salomão
85%
Nauru
83%
Ilhas Marshall
80%
Kiribati
80%
Nova Zelândia
80%
Tuvalu
80%
Vanuatu
80%
Palau
78%
Samoa
78%
Papua Nova Guiné
76%
Tonga
73%

Distribuição das Pontuações

Percentil de Números Respondidos

Porcentagem de Pessoas com Cada Pontuação

Sua Pontuação Histórica

Você não jogou esse quiz